All winners matches on Wrestlemania in history - Statistics

General Stats
  • This quiz has been taken 13 times
  • The average score is 59 of 256
Answer Stats
Winner % Correct
Andre the Giant
80%
Hulk Hogan
80%
John Cena
70%
Randy Savage
70%
Shawn Michaels
70%
Triple H
70%
Batista
60%
Bret Hart
60%
Edge
60%
Owen Hart
60%
Randy Orton
60%
Ric Flair
60%
Undertaker
60%
Bray Wyatt
50%
Chris Benoit
50%
Christian
50%
Daniel Bryan
50%
Jake Roberts
50%
Kane
50%
Kurt Angle
50%
Ricky Steamboat
50%
Sheamus
50%
Stone Cold Steve Austin
50%
The Rock
50%
Tito Santana
50%
AJ Styles
40%
Alexa Bliss
40%
Big Show
40%
Booker T
40%
Brock Lesnar
40%
Bushwhacker Luke
40%
Chris Jericho
40%
Chyna
40%
Dean Ambrose
40%
Dusty Rhodes
40%
Eddie Guerrero
40%
Jeff Hardy
40%
John Morrison
40%
Kalisto
40%
King Kong Bundy
40%
Kofi Kingston
40%
Mark Henry
40%
Mickie James
40%
Mo
40%
Mr. T
40%
Naomi
40%
Natalya
40%
Rey Mysterio
40%
Roman Reigns
40%
Seth Rollins
40%
Shane McMahon
40%
The Miz
40%
Trish Stratus
40%
Ultimate Warrior
40%
Yokozuna
40%
Zack Ryder
40%
AJ Lee
30%
Alberto Del Rio
30%
Baron Corbin
30%
Becky Lynch
30%
Beth Phoenix
30%
Billie Kay
30%
Billy Gunn
30%
Bobby Lashley
30%
Braun Strowman
30%
Cesaro
30%
Charlotte
30%
Chavo Guerrero
30%
Cody Rhodes
30%
Davey Boy Smith
30%
Diesel
30%
Dolph Ziggler
30%
Dynamite Kid
30%
Goldberg
30%
Great Khali
30%
Hawk
30%
Jack Swagger
30%
Jey Uso
30%
Jimmy Uso
30%
Jim Neidhart
30%
Mick Foley
30%
Nia Jax
30%
Paige
30%
Peyton Royce
30%
Razor Ramon
30%
Road Dogg
30%
Ronda Rousey
30%
Rusev
30%
Shelton Benjamin
30%
Tamina
30%
Ted DiBiase
30%
Wendi Richter
30%
X-Pac
30%
Albert
20%
Alundra Blayze
20%
Animal
20%
Apollo Crews
20%
Arn Anderson
20%
Ax
20%
Bam Bam Bigelow
20%
Barbarian
20%
Bayley
20%
Bianca Belair
20%
Big Boss Man
20%
Boogeyman
20%
Bradshaw
20%
Brie Bella
20%
Bushwhacker Butch
20%
Butch Reed
20%
Butterbean
20%
Carlito
20%
Charlie Haas
20%
Dino Bravo
20%
D'Lo Brown
20%
Don Muraco
20%
Drew McIntyre
20%
Earthquake
20%
Epico
20%
Faarooq
20%
Fabulous Moolah
20%
Finn Balor
20%
Floyd Mayweather
20%
Grand Master Sexay
20%
Hardcore Holly
20%
Harley Race
20%
Hercules
20%
Honky Tonk Man
20%
Iron Sheik
20%
Jacqueline
20%
Jeff Jarrett
20%
Jinder Mahal
20%
Junkyard Dog
20%
Koko B. Ware
20%
Lawrence Taylor
20%
Little Beaver
20%
Liv Morgan
20%
Luna Vachon
20%
Mabel
20%
Maria Menounos
20%
Marty Jannetty
20%
Matt Hardy
20%
Melina
20%
Michael Cole
20%
Mr. Kennedy
20%
Mr. Perfect
20%
Nikki Bella
20%
Nikolai Volkoff
20%
Paul Roma
20%
Primo
20%
Rick Martel
20%
Rick Rude
20%
Rikishi
20%
Rob Van Dam
20%
Roddy Piper
20%
Sable
20%
Sabu
20%
Sandman
20%
Santina Marella
20%
Sapphire
20%
Scotty 2 Hotty
20%
Sgt. Slaughter
20%
Shayna Baszler
20%
Smash
20%
Snooki
20%
Tatanka
20%
Terri Runnels
20%
Terry Funk
20%
The Texas Tornado
20%
Tommy Dreamer
20%
Torrie Wilson
20%
Tully Blanchard
20%
Typhoon
20%
Tyson Kidd
20%
Vader
20%
Ahmed Johnson
10%
Aleister Black
10%
Alicia Fox
10%
Angelo Dawkins
10%
Bad Bunny
10%
Brutus Beefcake
10%
Bull Buchanan
10%
Carmella
10%
Cedric Alexander
10%
Chuck
10%
CM Punk
10%
Curt Hawkins
10%
Damian Priest
10%
Doink the Clown
10%
Fandango
10%
Greg Valentine
10%
Haku
10%
Harper
10%
Jazz
10%
Justin Credible
10%
Kevin Owens
10%
Lance Storm
10%
Layla
10%
Lex Luger
10%
Marc Mero
10%
Michelle McCool
10%
Mojo Rawley
10%
Montez Ford
10%
Neville
10%
Nikki Cross
10%
Omos
10%
Pat Tanaka
10%
Rhea Ripley
10%
Rowan
10%
Sami Zayn
10%
Skip
10%
Test
10%
The Mountie
10%
Tom Prichard
10%
Vickie Guerrero
10%
Victoria
10%
Virgil
10%
Yoshi Tatsu
10%
Adrian Adonis
0%
Akebono
0%
Bad News Brown
0%
Billy Jack Haynes
0%
Bobby Heenan
0%
Brian Knobbs
0%
Chief Morley
0%
Corporal Kirchner
0%
Danny Davis
0%
David Otunga
0%
Diamond Dallas Page
0%
Elias
0%
Eva Marie
0%
Genichiro Tenryu
0%
Haiti Kid
0%
Hillbilly Jim
0%
Hoss Funk
0%
Irwin R. Schyster
0%
Jerry Sags
0%
Jim Duggan
0%
Jimmy Del Ray
0%
Kelly Kelly
0%
Kōji Kitao
0%
Maryse
0%
Maven
0%
Mosh
0%
One Man Gang
0%
Otis
0%
Rick Steiner
0%
Samoa Joe
0%
Sato
0%
Scott Steiner
0%
Taka Michinoku
0%
Tama
0%
Tazz
0%
The Red Rooster
0%
Thrasher
0%
Tom Zenk
0%
Tony Nese
0%
No matching quizzes found
Score Distribution
Percent of People with Each Score
Percentile by Number Answered
Your Score History
You have not taken this quiz